Online
Catalog

La literatura y la tradición norteamericana / (Record no. 2631)

MARC details
000 -CABECERA
campo de control de longitud fija 00702cam a2200193 a 4500
001 - NÚMERO DE CONTROL
campo de control 000002797
005 - FECHA Y HORA DE LA ÚLTIMA TRANSACCIÓN
campo de control 20200929150245.0
008 - DATOS DE LONGITUD FIJA--INFORMACIÓN GENERAL
campo de control de longitud fija 770816s1960 mx 000 0 spa
040 ## - FUENTE DE LA CATALOGACIÓN
Centro catalogador/agencia de origen DO-SdBNP
Lengua de catalogación spa
Centro/agencia transcriptor BNPHU
082 ## - NÚMERO DE LA CLASIFICACIÓN DECIMAL DEWEY
Número de clasificación 810.9
Número de documento/Ítem H848l
100 1# - ENTRADA PRINCIPAL--NOMBRE DE PERSONA
Nombre de persona Howard, León
9 (RLIN) 8832
245 13 - MENCIÓN DE TÍTULO
Título La literatura y la tradición norteamericana /
Mención de responsabilidad, etc. León Howard ; traducción de Luis Tapia Villalba.
260 ## - PUBLICACIÓN, DISTRIBUCIÓN, ETC.
Lugar de publicación, distribución, etc. México :
Nombre del editor, distribuidor, etc. Novaro,
Fecha de publicación, distribución, etc. 1960.
300 ## - DESCRIPCIÓN FÍSICA
Extensión 354 p. ;
Dimensiones 22 cm.
534 ## - NOTA SOBRE LA VERSIÓN ORIGINAL
Encabezamiento principal del original Título en inglés: Literature and the american tradition
650 #4 - PUNTO DE ACCESO ADICIONAL DE MATERIA--TÉRMINO DE MATERIA
Término de materia o nombre geográfico como elemento de entrada Literatura américana
Subdivisión general Historia y crítica
9 (RLIN) 8833
650 #4 - PUNTO DE ACCESO ADICIONAL DE MATERIA--TÉRMINO DE MATERIA
Término de materia o nombre geográfico como elemento de entrada Estados unidos
Subdivisión general Características nacionales
9 (RLIN) 8834
700 1# - PUNTO DE ACCESO ADICIONAL--NOMBRE DE PERSONA
Nombre de persona Tapia Villalba, Luis
Término indicativo de función/relación tr.
9 (RLIN) 8835
Holdings
Estado de retiro Estado de pérdida Restricciones de uso No para préstamo Código de colección Localización permanente Ubicación/localización actual Ubicación en estantería Fecha de adquisición Número de inventario Total de préstamos Signatura topográfica completa Código de barras Fecha visto por última vez Precio válido a partir de Tipo de ítem Koha
    Préstamo interno   Monografías: Libros y Folletos General General En catalogación 03.07.2009 LF1   810.9 H848l 2797-20 25.06.2020 25.06.2020 Préstamo interno

Powered by Koha